Marketing Skills In Practice :Developing A Successful Marketing Career (Record no. 43461)
[ view plain ]
| 000 -LEADER | |
|---|---|
| fixed length control field | 02842cam a2200349 i 4500 |
| 001 - CONTROL NUMBER | |
| control field | 23231828 |
| 005 - DATE AND TIME OF LATEST TRANSACTION | |
| control field | 20250416172023.0 |
| 008 - FIXED-LENGTH DATA ELEMENTS--GENERAL INFORMATION | |
| fixed length control field | 230717s2024 enka b 001 0 eng |
| 010 ## - LIBRARY OF CONGRESS CONTROL NUMBER | |
| LC control number | 2023028268 |
| 020 ## - INTERNATIONAL STANDARD BOOK NUMBER | |
| International Standard Book Number | 9781032429755 |
| 020 ## - INTERNATIONAL STANDARD BOOK NUMBER | |
| International Standard Book Number | 9781032429748 |
| 020 ## - INTERNATIONAL STANDARD BOOK NUMBER | |
| Canceled/invalid ISBN | 9781003365136 |
| 041 ## - LANGUAGE CODE | |
| Language code of text/sound track or separate title | eng |
| 042 ## - AUTHENTICATION CODE | |
| Authentication code | pcc |
| 082 00 - DEWEY DECIMAL CLASSIFICATION NUMBER | |
| Classification number | 658.8007 BAR |
| 100 1# - MAIN ENTRY--PERSONAL NAME | |
| Author | Barkas, Linda Anne |
| 245 10 - TITLE STATEMENT | |
| Title | Marketing Skills In Practice :Developing A Successful Marketing Career |
| 260 ## - PUBLICATION, DISTRIBUTION, ETC. | |
| Place | London |
| Publisher | Routledge |
| Publication Year | 2024 |
| 300 ## - PHYSICAL DESCRIPTION | |
| Extent | 157 pages : |
| Other physical details | illustrations ; |
| Dimensions | 24 cm |
| 504 ## - BIBLIOGRAPHY, ETC. NOTE | |
| Bibliography, etc. note | Includes bibliographical references and index. |
| 520 ## - SUMMARY, ETC. | |
| Summary, etc. | "Based around research into marketing education and marketing practice, Marketing Skills in Practice: Developing a Successful Marketing Career helps students embarking on their career to develop their professional identity, as well as the key skills required by employers in the industry. Divided into four core sections, the book begins with an overview of the field of marketing. Section two shows students how to relate practice to their own transferable skills, while section three gives students the opportunity to consider how they lead, develop, and manage within marketing. Section four provides students with the opportunity to reflect on their own learning and identify what knowledge and skills they have enhanced for their future careers. Fundamentally, the book identifies the key skills required in the marketing industry whilst also addressing the challenge of developing a career in leading and managing in a marketing context. Theoretical aspects are applied through real-life cases, practical examples and a themed case study, coupled with tasks that allow students to test and apply their knowledge to a workplace scenario, all of which are adaptable for hybrid teaching methods. Unique in its focus on employability, this text is suitable for all marketing students embarking on a career in the field, and particularly as core reading for any modules based on Marketing in Practice and Professional Development. Online resources include PowerPoint slides for lecturers and an instructor's manual, which includes lesson plans, tasks, suggested answers, and a test bank with answers"-- |
| 650 #0 - SUBJECT ADDED ENTRY--TOPICAL TERM | |
| Subject | Marketing |
| 700 1# - ADDED ENTRY--PERSONAL NAME | |
| Co-Author | Dixon-Todd, Yvonne, |
| 942 ## - ADDED ENTRY ELEMENTS (KOHA) | |
| Koha item type | Books |
| 264 #1 - PRODUCTION, PUBLICATION, DISTRIBUTION, MANUFACTURE, AND COPYRIGHT NOTICE | |
| Place of production, publication, distribution, manufacture | London : |
| -- | New York, NY : |
| Name of producer, publisher, distributor, manufacturer | Routledge, Taylor & Francis Group |
| Date of production, publication, distribution, manufacture, or copyright notice | 2024. |
| 336 ## - CONTENT TYPE | |
| Content type term | text |
| Content type code | txt |
| Source | rdacontent |
| 337 ## - MEDIA TYPE | |
| Media type term | unmediated |
| Media type code | n |
| Source | rdamedia |
| 338 ## - CARRIER TYPE | |
| Carrier type term | volume |
| Carrier type code | nc |
| Source | rdacarrier |
| 776 08 - ADDITIONAL PHYSICAL FORM ENTRY | |
| Relationship information | Online version: |
| Main entry heading | Barkas, Linda. |
| Title | Marketing skills in practice |
| Edition | First edition. |
| Place, publisher, and date of publication | New York, NY : Routledge, 2024 |
| International Standard Book Number | 9781003365136 |
| Record control number | (DLC) 2023028269 |
| 906 ## - LOCAL DATA ELEMENT F, LDF (RLIN) | |
| a | 7 |
| b | cbc |
| c | orignew |
| d | 1 |
| e | ecip |
| f | 20 |
| g | y-gencatlg |
| Withdrawn status | Lost status | Source of classification or shelving scheme | Damaged status | Not for loan | Home library | Current library | Shelving location | Accession Date | Vendor | Price | Bill number | Total Checkouts | Full call number | Barcode No | Date last seen | Date last checked out | Discount | Bill Date | Koha item type | Suggested By |
|---|---|---|---|---|---|---|---|---|---|---|---|---|---|---|---|---|---|---|---|---|
| Dewey Decimal Classification | IMTN | IMTN | Rack 36-A | 03/26/2025 | Raghav Books Private Limited | 4450.89 | 2374 | 1 | 658.8007 BAR | 33904 | 07/16/2025 | 07/02/2025 | 33 | 02/14/2025 | Books | Sejal Megotia (2024176) |